000 00280nam a22001337a 4500
008 171026b xxu||||| |||| 00| 0 eng d
020 _a9789951437400
041 _aeng
080 _a62
100 _a26
101 _aMEK
245 _aELEKTROTEKNIKA
_cBINA, L
942 _2udc
_cBK
999 _c35978
_d35978